000 00645nam a22002057a 4500
003 PILC
005 20150528113939.0
008 141009b xxu||||| |||| 00| 0 eng d
050 _aHD 38.5
_b.B786 2007
100 _aBowersox, Donald J.
245 _aSupply chain logistics management /
_cDonald J. Bowersox, David J. Closs, M. Bixby Cooper and John C. Bowersox.
250 _a2nd ed.
260 _aNY :
_bMcGraw-Hill Education,
_c2007.
300 _axiv, 410 pages :
_billustrations ;
_c26 cm.
500 _aIncludes index.
521 _aBusiness Administration
650 _aLogistics.
650 _aManagement.
942 _2lcc
_cBK
_kLOC
999 _c284478
_d284478